Algunas consideraciones sobre el imperialismo y las clases sociales en Guatemala /
Describe la formación socio-económica guatemalteca y las diversas formas que asume la penetración imperialista a partir de la integración Centroamericana. Define a la sociedad guatemalteca como una formación socioeconómica fundamentalmente capitalista cuyo desarrollo ha sido condicionado históricame...
Salvato in:
| Autore principale: | |
|---|---|
| Altri autori: | |
| Natura: | testo |
| Lingua: | Spanish |
| Pubblicazione: |
Panamá:
s.e.
s.f.
|
| Soggetti: | |
| Tags: |
Aggiungi Tag
Nessun Tag, puoi essere il primo ad aggiungerne!!
|
MARC
| LEADER | 00000 a a2200000 04500 | ||
|---|---|---|---|
| 001 | 19631 | ||
| 003 | cru IIS | ||
| 005 | 20220328141054.0 | ||
| 008 | 220328b pn|||||| |||| 00| 0 spa d | ||
| 020 | |a [sin ISBN] | ||
| 040 | |a Centro de Recursos para el Aprendizaje y la Investigación |b español |c cru IIS | ||
| 090 | |a 11.03.03 C268a | ||
| 100 | |a Cardona, Rokael | ||
| 245 | |a Algunas consideraciones sobre el imperialismo y las clases sociales en Guatemala / |c Rokael Cardona | ||
| 260 | |a Panamá: |b s.e. |c s.f. | ||
| 300 | |a 32 páginas | ||
| 500 | |a Colección Centroamérica | ||
| 520 | |a Describe la formación socio-económica guatemalteca y las diversas formas que asume la penetración imperialista a partir de la integración Centroamericana. Define a la sociedad guatemalteca como una formación socioeconómica fundamentalmente capitalista cuyo desarrollo ha sido condicionado históricamente por las diversas formas que asume el capital extranjero en su evolución./ALLV | ||
| 650 | |a CAPITALES EXTRANJEROS |0 TESAUROS | ||
| 650 | |a CAPITALISMO |0 TESAUROS | ||
| 650 | |a GRUPOS DE INTERESES |0 TESAUROS | ||
| 700 | |a Enríquez, Carlos A. | ||
| 852 | 1 | 1 | |a 11.03.03 C268a |
| 942 | |2 ddc |c LI |h 11.03.03 C268a |k 11.03.03 |m C268a |6 110303_C268A | ||
| 999 | |c 10502 |d 10502 | ||
